[Event "USA-chT Amateur East"]
[Site "Parsippany"]
[Date "2011.02.21"]
[Round "6"]
[White "Meredith, Matthew"]
[Black "Lawrence, Jeffrey A"]
[Result "1-0"]
[WhiteElo "2018"]
[BlackElo "1941"]
[PlyCount "65"]
[EventDate "2011.02.19"]
[EventType "team-swiss"]
[EventRounds "6"]
[EventCountry "USA"]
[SourceTitle "CBM 141 Extra"]
[Source "ChessBase"]
[SourceDate "2011.05.03"]
[SourceVersion "1"]
[SourceVersionDate "2011.05.03"]
[SourceQuality "1"]

1. e4 e5 2. Nf3 Nc6 3. c3 f5 4. exf5 Nf6 5. d4 e4 6. Ne5 d6 7. Nxc6 bxc6 8. g4 h6 9. Be2 Be7 10. c4 Bb7 11. Nc3 Qd7 12. Be3 c5 13. Rg1 cxd4 14. Qxd4 c5 15. Qd2 Qc6 16. 0-0-0 0-0-0 17. Bf4 a6 18. h4 d5 19. cxd5 Nxd5 20. Nxd5 Rxd5 21. Qxd5 Qxd5 22. Rxd5 Bxd5 23. Bxa6+ Bb7 24. Bxb7+ Kxb7 25. Re1 Bxh4 26. Rxe4 Ra8 27. a3 Kc6 28. f3 Rd8 29. Kc2 Rd7 30. Re6+ Kb7 31. Be5 h5 32. Rg6 hxg4 33. fxg4 1-0